Základy statistiky : Aplikace v technických a ekonomických oborech /

Salvato in:
Dettagli Bibliografici
Autori principali: Neubauer, Jiří (Autore), Sedlačík, Marek (Autore), Kříž, Oldřich (Autore)
Natura: Libro
Lingua:ceco
Pubblicazione: Praha : Grada Publishing, a. s., 2025
Edizione:4., rozšírené vydanie
Tags: Aggiungi Tag
Nessun Tag, puoi essere il primo ad aggiungerne!!

MARC

LEADER 00000nam a22000003a 4500
001 0117698
003 SK-STU
005 20251021140747.2
007 ta
008 251021s ----xo-----e------000-0-----d
020 |a 978-80-271-5581-1 
040 |a STU  |b slo 
041 0 |a cze 
044 |a xr 
080 |a 51.3 
100 1 |a Neubauer, Jiří  |4 aut 
245 1 0 |a Základy statistiky :  |b Aplikace v technických a ekonomických oborech /  |c aut. Jiří Neubauer, Marek Sedlačík, Oldřich Kříž 
250 |a 4., rozšírené vydanie 
260 |a Praha :  |b Grada Publishing, a. s.,  |c 2025 
300 |a 312 s. 
700 1 |a Sedlačík, Marek  |4 aut 
700 1 |a Kříž, Oldřich  |4 aut 
996 |b 284EK91125  |c E* 91125  |l EE01  |s A  |a 24  |w 0117698_0001